| 000 | 00000nam##2200000za#4500 |
| 001 | 9.607602 |
| 003 | CaOODSP |
| 005 | 20210624213216 |
| 007 | cr ||||||||||| |
| 008 | 150406|1990||||xxc|||||o f|0| 0 fre|d |
| 040 | |aCaOODSP|bfre |
| 043 | |an-cn--- |
| 086 | 1 |aNH18-22/90-226F-PDF |
| 110 | 2 |aSociété canadienne d'hypothèques et de logement. |
| 245 | 10|aChauffe-eau domestique servant également d'appareil de chauffage autonome / |h[ressource électronique] |
| 260 | |aOttawa - Ontario : |bSociété canadienne d'hypothèques et de logement |c[1990]. |
| 300 | |a2p.|bfigure |
| 490 | 1 |aLe point en recherche et développement; série technique|v90-226 |
| 500 | |aFichier reproduit à partir de l'original polycopié. |
| 590 | |a14-16-Supp|b2014-09-25 |
| 775 | 08|tDomestic hot water tanks as a space heating appliance |w(CaOODSP)9.557726 |
| 830 | #0|aLe point en recherche et développement; série technique ;|v90-226|w(CaOODSP)9.500900 |
| 856 | 40|ahttp://publications.gc.ca|qPDF|s53 Ko|uhttps://publications.gc.ca/collections/collection_2014/schl-cmhc/NH18-22-90-226-fra.pdf|y90-226 |